| 000 | 00473nam a2200193Ia 4500 | ||
|---|---|---|---|
| 003 | IIN | ||
| 005 | 20240104131619.0 | ||
| 008 | 231217s9999 xx 000 0 und d | ||
| 020 |
_cRs.415.00 _a9789389261950 |
||
| 040 |
_aIIN _bEnglish |
||
| 082 |
_a428.0071 _bSHA |
||
| 100 | 1 | _aSharma, Liza | |
| 245 | 1 |
_aEnglish _bfor Nurses _cby Liza Sharma |
|
| 250 | _a2nd ed | ||
| 260 |
_bCBS _aNew Delhi _c2020 |
||
| 300 | _axiv, 446 p. | ||
| 650 | 1 |
_aEnglish _vNurses |
|
| 942 | _cBOOK | ||
| 999 |
_c266 _d266 |
||